some soccer teams in the world - Statistics

General Stats
  • This quiz has been taken 11 times
  • The average score is 6 of 15
Answer Stats
Hint Answer % Correct
men/women usa
100%
men/women france
86%
men/women brazil
71%
men/women spain
71%
women sweden
71%
men andorra
43%
men/women norway
43%
men/women netherlands
29%
men trinadad and tobago
29%
men tuvalu
29%
men/women all uk states
14%
men/women cameroon
14%
women jamaica
14%
men san marino
14%
men senegal
14%
No matching quizzes found
Score Distribution
Percent of People with Each Score
Percentile by Number Answered
Your Score History
You have not taken this quiz